Diccionario manual de la Santa Biblia, compilado por un maestro de Teología del orden de S. Francisco, para uso de los predicadores

Detalles Bibliográficos
Formato: Libro
Publicado: Madrid 1851
Materias:
Colección:Banco de datos
Acervo:Biblioteca del Ex Convento de Nuestra Señora de Guadalupe. Zacatecas
Tema general:Diccionarios
Notas:Regular. I,9,23(213). Ex libris manuscrito de fr. Fco. Luján en el verso de la portada. Sin marca de fuego
LEADER 00792nam a22001810004500
035 |a 38838 
036 |a 22 
245 1 0 |a Diccionario manual de la Santa Biblia, compilado por un maestro de Teología del orden de S. Francisco, para uso de los predicadores 
260 |a Madrid  |b imp. Luis García  |c 1851 
500 |a Regular. I,9,23(213). Ex libris manuscrito de fr. Fco. Luján en el verso de la portada. Sin marca de fuego 
650 1 0 |a Diccionarios 
949 |a CRZ-CG 
959 |a Ex convento de Nuestra Señora de Guadalupe, Museo Regional de Zacatecas, Zacatecas  |b CCC4 
960 |a Convento de Nuestra Señora de Guadalupe, Zacatecas  |b DD87 
961 |a Franciscana  |b OF 
942 |c CRZ-CG 
943 |g Biblioteca del Ex Convento de Nuestra Señora de Guadalupe. Zacatecas 
999 |c 962965  |d 962965